Cảm nhận và phê bình văn học : Bàn về " Chân dung đối thoại " của Trần Đăng Khoa

Sách giới thiệu một số lời bàn về đánh giá, nhận định các tác giả, tác phẩm có trong chương trình môn văn ở phổ thông trung học và phổ thông cơ sở của Trần Đăng Khoa.

Gespeichert in:
Bibliographische Detailangaben
1. Verfasser: Lê, Xuân Lít
Format: Buch
Sprache:Undetermined
Veröffentlicht: Hà Nội Đại học Quốc gia Hà Nội 2001
Schlagworte:
Tags: Tag hinzufügen
Keine Tags, Fügen Sie den ersten Tag hinzu!
Thư viện lưu trữ: Trung tâm Học liệu Trường Đại học Cần Thơ
LEADER 00978nam a2200241Ia 4500
001 CTU_40711
008 210402s9999 xx 000 0 und d
020 |b 17.000đ 
020 |c 17000 
082 |a 809 
082 |b L314 
100 |a Lê, Xuân Lít 
245 0 |a Cảm nhận và phê bình văn học : 
245 0 |b Bàn về " Chân dung đối thoại " của Trần Đăng Khoa 
245 0 |c Lê Xuân Lít 
260 |a Hà Nội 
260 |b Đại học Quốc gia Hà Nội 
260 |c 2001 
520 |a Sách giới thiệu một số lời bàn về đánh giá, nhận định các tác giả, tác phẩm có trong chương trình môn văn ở phổ thông trung học và phổ thông cơ sở của Trần Đăng Khoa. 
650 |a Vietnamese literature 
650 |x History and criticism 
904 |i Minh 
980 |a Trung tâm Học liệu Trường Đại học Cần Thơ